LEADER 00904nam0-22002891i-450- 001 990005460170403321 005 20050712111658.0 035 $a000546017 035 $aFED01000546017 035 $a(Aleph)000546017FED01 035 $a000546017 100 $a19990604d1968----km-y0itay50------ba 101 0 $aita 105 $ay-------001yy 200 1 $aRicerche sugli inizii della dominazione dei Carolingi in Italia$fdi Francesco Manacorda 210 $aRoma$cIstituto Storico per il Medio Evo$d1968 215 $a190 p.$d25 cm 225 1 $aStudi storici$v71-0072 676 $a945.02$v21$zita 700 1$aManacorda,$bFrancesco$0211327 801 0$aIT$bUNINA$gRICA$2UNIMARC 901 $aBK 912 $a990005460170403321 952 $a945.02 MAN 1$bST.MED.MOD. 9248$fFLFBC 959 $aFLFBC 996 $aRicerche sugli inizii della dominazione dei Carolingi in Italia$9588536 997 $aUNINA LEADER 01451nam 2200517 450 001 9910817719803321 005 20230808205318.0 010 $a1-119-27492-3 010 $a1-119-27491-5 010 $a1-119-27493-1 035 $a(CKB)4330000000009864 035 $a(MiAaPQ)EBC4537744 035 $a(Au-PeEL)EBL4537744 035 $a(CaPaEBR)ebr11218293 035 $a(CaONFJC)MIL928556 035 $a(OCoLC)951220196 035 $a(EXLCZ)994330000000009864 100 $a20160624h20162016 uy 0 101 0 $aeng 135 $aurcnu|||||||| 181 $2rdacontent 182 $2rdamedia 183 $2rdacarrier 200 10$aChart patterns $eafter the buy /$fThomas Bulkowski 210 1$aHoboken, New Jersey :$cWiley,$d2016. 210 4$dİ2016 215 $a1 online resource (555 pages) $cillustrations, graphs 225 1 $aWiley Trading Series 300 $aIncludes index. 311 $a1-119-27490-7 410 0$aWiley trading series. 606 $aStocks$vCharts, diagrams, etc 606 $aCommodity futures$vCharts, diagrams, etc 606 $aInvestment analysis 615 0$aStocks 615 0$aCommodity futures 615 0$aInvestment analysis. 676 $a332.632042 700 $aBulkowski$b Thomas$01647028 801 0$bMiAaPQ 801 1$bMiAaPQ 801 2$bMiAaPQ 906 $aBOOK 912 $a9910817719803321 996 $aChart patterns$93994373 997 $aUNINA